01473nas a2200325 i 450000100060000000300090000600500170001500700030003200800410003502200140007602200250009004000590011504100080017424500570018226401080023930000510034731000150039833600270041333700340044033800300047436200420050450000940054665000800064065000750072065000720079565000860086765000920095365500370104571000650108249780DR-UNIBE20250612152919.0ta200225e2023 dr fn|p|r||||||0| | spa d a2737-6516 a2737-6559-En línea aBIBLIOTECA UNIBEcBIBLIOTECA UNIBEbspadDO-SdBNPerda aspa00aHormonas (Archivos dominicanos de endocrinología). aSanto Domingo, República Dominicana :bSociedad Dominicana de Endocrinología y Nutrición, c2023. avolumen :bilustraciones, tablas ;c28 x 22 cm aSemestral. atextobtxt2rdacontent asin mediación bn2rdamedia avolumen bnc 2rdacarrier0 aVolumen 14, No. 1 (enero-junio 2023). aEsta catalogación está basada con este volumen: Volumen 14, No. 1 (enero-junio 2023). 7aEndocrinología2lembvPublicaciones periódicas zRepública Dominicana 7aNutrición2lembvPublicaciones periódicas zRepública Dominicana 7aHormonas2lembvPublicaciones periódicas zRepública Dominicana 7aGlándulas endocrinas2lembvPublicaciones periódicas zRepública Dominicana 7aRegulación del metabolismo2lembvPublicaciones periódicas zRepública Dominicana 7aPublicaciones periódicas2lemb2 aSociedad Dominicana de Endocrinología y Nutricióneautor